Managing organizational behavior / (Record no. 2235)

000 -LEADER
fixed length control field 01022cam a22003134a 4500
001 - CONTROL NUMBER
control field 4522530
003 - CONTROL NUMBER IDENTIFIER
control field OSt
005 - DATE AND TIME OF LATEST TRANSACTION
control field 20160702140409.0
008 - FIXED-LENGTH DATA ELEMENTS--GENERAL INFORMATION
fixed length control field 990616s1999 mau b 001 0 eng
010 ## - LIBRARY OF CONGRESS CONTROL NUMBER
LC control number 99033803
020 ## - INTERNATIONAL STANDARD BOOK NUMBER
International Standard Book Number 0631212574 (hardcover : alk. paper)
020 ## - INTERNATIONAL STANDARD BOOK NUMBER
International Standard Book Number 0631208836 (pbk. : alk. paper)
040 ## - CATALOGING SOURCE
Original cataloging agency DLC
Transcribing agency DLC
Modifying agency DLC
042 ## - AUTHENTICATION CODE
Authentication code pcc
050 00 - LIBRARY OF CONGRESS CALL NUMBER
Classification number HD58.7.T66 2000
082 00 - DEWEY DECIMAL CLASSIFICATION NUMBER
Classification number 658
Edition number 21
100 1# - MAIN ENTRY--PERSONAL NAME
Personal name Tosi, Henry L.
245 10 - TITLE STATEMENT
Title Managing organizational behavior /
Statement of responsibility, etc Henry L. Tosi, Neal P. Mero, and John R. Rizzo.
250 ## - EDITION STATEMENT
Edition statement 4th ed.
260 ## - PUBLICATION, DISTRIBUTION, ETC. (IMPRINT)
Place of publication, distribution, etc Cambridge, Mass :
Name of publisher, distributor, etc Blackwell,
Date of publication, distribution, etc 2000.
300 ## - PHYSICAL DESCRIPTION
Extent xxxiii, 560 p. :
Other physical details ill. ;
Dimensions 25 cm.
504 ## - BIBLIOGRAPHY, ETC. NOTE
Bibliography, etc Includes bibliographical references and index.
650 #0 - SUBJECT ADDED ENTRY--TOPICAL TERM
Topical term or geographic name as entry element Organizational behavior.
700 1# - ADDED ENTRY--PERSONAL NAME
Personal name Mero, Neal P.
700 1# - ADDED ENTRY--PERSONAL NAME
Personal name Rizzo, John R.
906 ## - LOCAL DATA ELEMENT F, LDF (RLIN)
a 7
b cbc
c orignew
d 1
e ocip
f 19
g y-gencatlg
942 ## - ADDED ENTRY ELEMENTS (KOHA)
Source of classification or shelving scheme
Koha item type Book
Holdings
Withdrawn status Lost status Source of classification or shelving scheme Damaged status Not for loan Home library Current library Shelving location Date acquired Total Checkouts Full call number Barcode Date last seen Copy number Price effective from Koha item type
          Riara University Library Riara University Library General stack 02/07/2016   HD58.7.T66 2000 7322/16 02/07/2016 C.1 02/07/2016 Book

Riara University Library,
P.O. Box 49940-00100,
Nairobi, Kenya.